Statistics For Management (Record no. 1253)

MARC details
000 -LEADER
fixed length control field 00440nam a2200181Ia 4500
008 - FIXED-LENGTH DATA ELEMENTS--GENERAL INFORMATION
fixed length control field 221030s9999 xx 000 0 und d
020 ## - INTERNATIONAL STANDARD BOOK NUMBER
ISBN 812031235X
041 ## - LANGUAGE CODE
Language code of text/sound track or separate title
082 ## - DEWEY DECIMAL CLASSIFICATION NUMBER
Classification number 105.23
Item number Lev
100 ## - MAIN ENTRY--AUTHOR NAME
Personal name R. I. Levin
245 #0 - TITLE STATEMENT
Title Statistics For Management
Statement of responsibility, etc by R. I. Levin, David S Rubin
250 ## - EDITION STATEMENT
Edition statement 7th
260 ## - PUBLICATION, DISTRIBUTION, ETC. (IMPRINT)
Name of publisher PHI
Place of publication New Delhi
Year of publication 2004
300 ## - PHYSICAL DESCRIPTION
Number of Pages 1026
650 ## - SUBJECT ADDED ENTRY--TOPICAL TERM
Topical Term Management
700 ## - ADDED ENTRY--PERSONAL NAME
Personal name David S Rubin
942 ## - ADDED ENTRY ELEMENTS (KOHA)
Koha item type Books
Holdings
Accession Number Cost, normal purchase price Full call number Price effective from Koha item type Withdrawn / writtenoff status Damaged status Not for loan Permanent Location Current Location Shelving location Date acquired Lost/ Missing status department Materials specified (bound volume or other part)
MBA 36 395.00 105.23 Lev 10/30/2022 Books       MIET Library, Jammu MIET Library, Jammu BL-Second, FL-1, CUP-64, SH-5, R-5 03/04/2005   MBA  
MBA 544 395.00 105.23 Lev 10/30/2022 Books       MIET Library, Jammu MIET Library, Jammu BL-Second, FL-1, CUP-64, SH-5, R-5 07/16/2005   MBA Print